000 00613nam a2200241Ia 4500
003 OSt
005 20221007072232.0
006 a|||||r|||| 00| 0
007 ta
008 221006b |||||||| |||| 00| 0 eng d
024 _a25,419
037 _cTextual
040 _aFLL
_cFLL
_beng
041 _2eng
_aeng
082 _aY1:392, K3
100 _aHalloran J.D.
_9690332
245 0 _aControl or consent
250 _a1st
260 _aLondon
_bSheed and Ward Ltd. London
_c1963
300 _ax,1-246p
_ccm.
942 _hY1:392, K3
_cTEXL
_2CC
999 _c1145506
_d1145506